Statistics for Large US States Bordering Each Other

Click here to take the quiz!

General Stats

  • This quiz has been taken 37 times
  • The average score is 23 of 24

Answer Stats

Pair #AverageAnswer% Correct
B4.5California
100%
C5California
100%
E6California
100%
G6.5Colorado
97%
K9Colorado
97%
C5Nevada
97%
F6.5Nevada
97%
I8Nevada
97%
A3.5Texas
97%
B4.5Arizona
94%
L9.5Arizona
94%
D5.5Arizona
94%
F6.5Arizona
94%
L9.5Utah
94%
H7Montana
91%
J9Montana
91%
A
3.5New Mexico
91%
D5.5New Mexico
91%
G6.5New Mexico
91%
I8Oregon
91%
E6Oregon
91%
H7Wyoming
91%
K9Wyoming
91%
J9Idaho
88%

Score Distribution

Percentile by Number Answered

Percent of People with Each Score

Your Score History

You have not taken this quiz